| 000 | 01077cam a22003257a 4500 | ||
|---|---|---|---|
| 003 | CHAP | ||
| 005 | 20220329142227.0 | ||
| 008 | 000307d1968 us a r 00010 eng d | ||
| 010 | _a80195 | ||
| 011 | _a81167 | ||
| 035 | _a91629 | ||
| 040 | _cCHAP | ||
| 082 | 0 | 4 | _a633.15 T35 |
| 100 | 0 | 0 |
_aTantravahi, Ramana V. _9111605 |
| 245 | 1 | 0 |
_aCytology and crossability relationships of tripsacum _c/by Ramana V. Tantravahi |
| 260 |
_aCambridge, Mass. : _bThe Bussey Institution of Harvard University, _c1968 |
||
| 300 |
_a123 p. : _bilus. |
||
| 500 | _aPublicado originalmente como tesis | ||
| 590 |
_aBATCH-UPD _b10 _c20130110 _lUCH01 _h0553 |
||
| 590 |
_aBATCH-UPD _b10 _c20130110 _lUCH01 _h2307 |
||
| 590 |
_aBATCH-UPD _b10 _c20130410 _lUCH01 _h0234 |
||
| 590 |
_aBATCH-UPD _b10 _c20130914 _lUCH01 _h1755 |
||
| 590 |
_aCONVERSION _b10 _c20130109 _lUCH01 _h1345 |
||
| 650 | 1 | 4 |
_aMaíz _xHíbridos. _970974 |
| 650 | 1 | 4 |
_aTripsacum. _9115178 |
| 901 | _aBK | ||
| 905 | _aMarco A. Mendoza T. | ||
| 942 | _cLIBRO | ||
| 949 |
_a633.15 T35 _bBC _cLIBRO _d33724000754875 _eLIBRO _h97436 _i91629 _sb |
||
| 999 |
_c80195 _d80195 |
||